[Event "Villa Martelli Verdad y Justicia"]
[Site "Villa Martelli"]
[Date "2021.04.01"]
[Round "7"]
[White "Romero Barreto, Jaime Jose"]
[Black "Kapitanchuk, Tomas"]
[Result "1/2-1/2"]
[WhiteElo "2351"]
[BlackElo "2320"]
[PlyCount "80"]
[EventDate "2021.03.26"]
[EventType "tourn"]
[EventRounds "9"]
[EventCountry "ARG"]
[EventCategory "3"]
[SourceTitle "EXT 2022"]
[Source "ChessBase"]
[SourceDate "2021.10.06"]
[SourceVersion "1"]
[SourceVersionDate "2021.10.06"]
[SourceQuality "1"]

1. e4 c5 2. Nf3 e6 3. d4 cxd4 4. Nxd4 Nc6 5. Nc3 Qc7 6. g3 a6 7. Bg2 Nf6 8. 0-0 Nxd4 9. Qxd4 Bc5 10. Qd3 Ng4 11. Qe2 h5 12. Bf4 Ne5 13. Na4 Ba7 14. b3 d6 15. c4 Bd7 16. Nb2 Nc6 17. Nd3 e5 18. Be3 Nd4 19. Qd2 h4 20. Rac1 hxg3 21. fxg3 Bg4 22. Rf2 0-0-0 23. Nb4 Qa5 24. Nc6 Nxc6 25. Qxa5 Bxe3 26. Qe1 Bxc1 27. Qxc1 f6 28. Bf3 Be6 29. Qd1 Kb8 30. Bg4 Bf7 31. Rd2 Nd4 32. Rxd4 exd4 33. Qxd4 Kc7 34. c5 Rhe8 35. Qb4 dxc5 36. Qxc5+ Kb8 37. Qb6 Rd2 38. Qb4 Rdd8 39. Be2 Bg6 40. Bf3 Re5 1/2-1/2